ბათუმის შოთა რუსთაველის სახელმწიფო უნივერსიტეტის ბიბლიოთეკა

არილი. №4 ნოემბერი 2013 (ბიბ.ჩანაწერი № 43304)

000 -LEADER
fixed length control field 00616nam a2200181Ia 4500
001 - CONTROL NUMBER
control field 10031
003 - CONTROL NUMBER IDENTIFIER
control field GE_BSU
008 - FIXED-LENGTH DATA ELEMENTS--GENERAL INFORMATION
fixed length control field 181216s||||||||xx |||||||||||||| ||und||
040 ## - CATALOGING SOURCE
Transcribing agency GE_BSU
245 ## - TITLE STATEMENT
Title არილი. №4 ნოემბერი 2013
245 ## - TITLE STATEMENT
Remainder of title საზოგადოებრივ–ლიტერატურული ჟურნალი
245 ## - TITLE STATEMENT
Statement of responsibility, etc. რედ. მალხაზ ხარბედია.შადიმან შამანაძე
260 ## - PUBLICATION, DISTRIBUTION, ETC.
Place of publication, distribution, etc. თბილისი
260 ## - PUBLICATION, DISTRIBUTION, ETC.
Date of publication, distribution, etc. 2013
300 ## - PHYSICAL DESCRIPTION
Extent 64გვ.30სმ.
653 ## - INDEX TERM--UNCONTROLLED
Uncontrolled term არილი
942 ## - ADDED ENTRY ELEMENTS (KOHA)
Koha item type პერიოდიკა
ეგზემპლარები
Withdrawn status Lost status Damaged status Not for loan Date acquired Barcode Date last seen Price effective from Koha item type
        2018-12-17 p76280 2018-12-17 2018-12-17 პერიოდიკა